000 00805nam a2200169Ia 4500
008 090711s9999 xx 000 0 und d
082 _b55682
100 _aजायस्वाल जयनारायण
245 _a"सर्दी, पडसे, अॅलर्जी, ब्राँकायटिस, सायनसायटिस"
260 _c1986
300 _a80
600 _aजायस्वाल जयनारायण
630 _a"सर्दी, पडसे, अॅलर्जी, ब्राँकायटिस, सायनसायटिस"
700 _aजायस्वाल जयनारायण
730 _a"सर्दी, पडसे, अॅलर्जी, ब्राँकायटिस, सायनसायटिस"
942 _cBOOK
999 _c308868
_d308868